Veda, komunikácia, verejnosť, škola

Bibliographic Details
Main Author: Reguli, Ján (Author)
Format: Book
Language:Slovak
PhysicalDescription:199 s. sch., tab. 21 cm
Published: Trnava Typi Universitatis Tyrnaviensis 2011
ISBN:9788080825089
Edition:[1. vyd.]
Subjects:

MARC

LEADER 00000cam a2200000 a 4500
001 vtls010348622
003 SK-MaSNL
005 20260512040415.0
008 240313s2011 xo l f 000 0 slo
015 |a SNBA2012/05-02606 
020 |a 9788080825089  |q (brož.) 
035 |a 2F3F2734-43FB-48BC-A981-A6A2AD5BCA66 
035 |a urn:nbn:sk:snk-amjk7u 
035 |a urn:nbn:sk:snk-am0010yv 
040 |a SNK  |b slo  |c SNK  |e AACR2 
041 0 |a slo 
044 |a xo  |c SK 
072 7 |a 316.4/.7  |x Sociálne interakcie  |2 konspekt 
080 |a 001  |2 2001 
080 |a 316.77  |2 2001 
080 |a 316.33  |2 2001 
080 |a 371  |2 2001 
080 |a 001:316.3  |2 2001 
080 |a (048.8)  |2 2001 
080 |a 316.774  |2 2001 
080 |a 001:62  |2 2001 
100 1 |a Reguli, Ján  |4 aut  |9 385659 
245 1 0 |a Veda, komunikácia, verejnosť, škola  |c Ján Reguli a kolektív 
250 |a [1. vyd.] 
260 |a Trnava  |b Typi Universitatis Tyrnaviensis  |c 2011 
300 |a 199 s.  |b sch., tab.  |c 21 cm 
504 |a Bibliogr. s. 193-199 
650 0 7 |a veda  |2 SNKPH  |9 1599 
650 0 7 |a Science  |2 SNKPHeng  |9 265845 
650 0 7 |a Human communication  |2 SNKPHeng  |9 265706 
650 0 7 |a Public sphere  |2 SNKPHeng  |9 326495 
650 0 7 |a School  |2 SNKPHeng  |9 302997 
650 0 7 |a Science and society  |2 SNKPHeng  |9 364546 
650 0 7 |a médiá  |2 SNKPHeng  |9 1424 
650 0 7 |a veda a spoločnosť  |2 SNKPH  |9 66939 
650 0 7 |a veda a technika  |2 SNKPH  |9 3998 
650 0 7 |a Science and technology  |2 SNKPHeng  |9 318687 
650 0 7 |a komunikácia (dorozumievanie)  |2 SNKPH  |9 2688 
650 0 7 |a médiá  |2 SNKPH  |9 1424 
650 0 7 |a verejnosť  |2 SNKPH  |9 3893 
650 0 7 |a škola  |2 SNKPH  |9 29975 
655 7 |a štúdie  |2 SNKPH  |9 57033 
655 7 |a Studies  |2 SNKPHeng  |9 265573 
852 |a Štátna vedecká knižnica v Banskej Bystrici 
919 |a 978-80-8082-508-9 
958 |a NB 
968 |d 0 
999 |c 837039  |d 838969 
952 |a SNK  |b SNK  |y PREZ  |7 0  |p 17A0878557  |o snkSC 148867  |i snk2012/6726  |8 0  |0 0  |1 0  |4 0  |d 2012-03-22  |l 0  |r 2025-07-17 00:00:00  |w 2026-02-24 
952 |a SNK  |b SNK  |y VYP  |7 0  |p 17A0878555  |o snkSC 148867 D1  |i snk2012/6727  |8 0  |0 0  |1 0  |4 0  |d 2012-03-22  |f 1  |l 0  |r 2026-02-24 03:58:02  |w 2026-02-24